Statistiques concernant Culture Générale - Série 1091

Cliquez ici pour prendre le quiz!

Statistiques générales

  • Ce quiz a été pris 35 fois
  • Le résultat moyen est 6 sur 10

Statistiques - réponses

Question Réponse % Correct
Quel est le pays le plus vaste de l'Amérique latine ?Brésil
97%
Le siège de l'Organisation des Nations Unies se trouve à ...New York
80%
Sur quel monument parisien trouve-t-on la devise : « Aux grands Hommes, la Patrie reconnaissante» ?Panthéon
77%
Qu'est-ce que la "Licorne" dont Tintin perce le secret ?bateau
71%
Le temps du groupe verbal « était composé » est le ...plus que parfait
66%
Comment appelle-t-on le pain grec ?pita
57%
Quelle est l’unité monétaire chinoise ?yuan
54%
De quelle célèbre entreprise Richard Branson est-il le fondateur?Virgin
37%
Claude Lévi-Strauss était un célèbre ...ethnologue
37%
Quel était le seul lieu français où l'on produisait du gaz naturel, jusqu'en 2013 ?Lacq
23%

Distribution des résultats

Percentile par nombre de réponses

% des personnes avec chaque résultat

Votre développement - résultats

Vous n’avez pas pris ce quiz